000 00750nam a2200205Ia 4500
003 0
005 20250131083634.0
008 150126s9999 xx 000 0 und d
050 _aPGS LB 2832.3
_b.B922 2014
100 _aBuck, Patrisha Faith G.
245 _aLeadership skills of grade 5 class officers of SISC /
_cPatrisha Faith G. Buck.
260 _aLas PiƱas City, Philippines :
_bSouthville International School and Colleges,
_c2014.
300 _a24 p. :
_bill. ;
_c28 cm.
504 _aIncludes bibliographical references.
650 _aStudent government
_vElementary schools.
650 _aStudent leadership.
650 _aLeadership
_vPsychological aspects.
650 _aChildren
_vLeadership skills development.
942 _2lcc
_cPASS
999 _c278566
_d278566